01466nam a2200265 i 4500003000900000005001700009006001900026007000300045008004100048040003000089082001400119245023500133264004400368300002600412336002700438337003300465338002800498500012300526500024500649590007700894710004000971942001301011952015901024999001701183DO-SdBNP20250131205119.0a||||fr|||| 00| 0 ta240115e1915 dr ||||| m||| 00| 0 spa d aDO-SdBNPbspacBNPHUerda 4222bG993e a¿En qué consiste la inconstitución de la ley que hace obligatorio para los acreedores del Estado Dominicano , el plan de ajuste?:baño académico de 1914 a 1915 tesis no. 6 para la Licenciatura /cLeonel Guzmán Sánchez 1aSanto Domingo :bEscobar i Cía,c1915 a32 páginas ;c23 cm 2rdacontentatextobtxt 2rdamediaasin mediaciónbn 2rdacarrieravolumenbnc aJurado Examinador: Presidente: Profesor J. B. Peynado. vocales: Profesor Natalio Rondón. Profesor Manuel A. Machado. aArt. 16 del reglamento interior del Instituto Profesional. En el examen final, el actuante está obligado á responder á todas las preguntas i observaciones del Jurado Examinador que directa é indirectamente se relaciona con su tesis. aTesis para la Licenciatura de Derecho Civil 1915. Inventariado 2024 / MF2 aUniversidad de Santo Domingo937767 2ddccLF2 00102ddc51708PD-RVaBNPHUbBNPHUcCTd2024-01-15ePerteneció a la bibliioteca de Carlos Larrazaball0oG993ep2024-0224r2024-01-15w2024-01-15yLF2 c55671d55671